01657nam a2200421 i 450000100060000000300080000600500170001400600190003100700150005000800410006502000270010603500210013304000310015405000240018508000160020908200150022510000370024024501200027726400440039730000410044133600310048233700330051333800430054649000310058958801260062059001590074665000390090565000330094465000290097765000140100665100430102065100140106365500270107779700190110483000320112385600630115599900170121833370FlNmELB20241216220822.0m o d | cr cnu||||||||160812s1998 sp o 000 0 spa d a9788416061952 (e book) a(OCoLC)984819404 aFINmELBbspaerdacFINmELB 4aQ127.S7bR6961 1998 a001.89(460)0 a509.462231 aRodríguez Sala, María Luisa.13aEl Eclipse de Luna :bmisión científica de Felipe II en Nueva España /cMa. Luisa Rodríguez Sala (editora). 1aHuelva :bUniversidad de Huelva,c1998. a1 recurso en línea (173 páginas) atextobtxt2rdacontent/spa acomputadorabc2rdamedia/spa arecurso en líneabcr2rdacarrier/spa1 aBiblioteca Montaniana ;v1 aDescripción basada en recurso en línea; Título de la página del título en PDF (e-libro, visto August 12, 2016). aRecurso electronico. Santa Fe, Arg. : e-libro, 2016. Disponible via World Wide Web. El acceso puede ser limitado para las bibliotecas afiliadas a e-libro. 0aScience and statezSpainxHistory. 0aTechnology and statezSpain. 4aPolítica científica. 4aHistoria. 0aSpainxHistoryyPhilip II,y1556-1598. 4aEspaña. 4aLibros electrónicos.2 ae-libro, Corp. 0aBiblioteca Montaniana ;v1.40uhttps://elibro.net/ereader/politecnicointernacional/102025 c33370d33370